| 000 | 01057nam0a22002891 4500 | ||
|---|---|---|---|
| 001 | rc\4115364 | ||
| 005 | 20130415172112.3 | ||
| 021 |
_aRU _b[57-6363] |
||
| 035 | _a(NLR Aleph) 008148472 | ||
| 090 |
_a7773971 _c7773971 |
||
| 100 | _a20130415d1956 |||y0rusy50 ca | ||
| 101 | 0 | _arus | |
| 102 | _aRU | ||
| 105 | _ay z ||||| | ||
| 200 | 1 |
_aМетодика подготовки лекций _e(По общетехн. дисциплинам) _fВоронежский лесотехн. ин-т |
|
| 210 |
_aВоронеж _cБ. и. _d1956 |
||
| 215 |
_a98 с. _d20 |
||
| 300 | _aПеред загл. авт.: проф. Л.С. Фрейман | ||
| 333 | _aНа правах рукописи | ||
| 606 |
_aЛекционная работа в высшей школе _2psbo |
||
| 606 |
_aМетодика преподавания в высшей школе _2psbo |
||
| 700 | 1 |
_aФрейман _bЛ. С. _f1903- _gЛеон Семенович |
|
| 801 | 0 |
_aRU _bNLR _gpsbo |
|
| 801 | 1 |
_aRU _bELAR _2rusmarc |
|
| 852 |
_aNLR _j57-4/1928 |
||
| 942 | _cBOOK | ||
| 980 | _aNB | ||